000 00498nam a2200193 4500
003 LK-CoMWRAF
005 20231127143615.0
008 231127b1988 |||||||| |||| 00| 0 eng d
040 _aLK-CoMWRAF
_dLK-CoMWRAF
_eLK-CoMWRAF
041 _aeng
082 _a820.92
_bDAS
100 _aDas, Kamala
245 _aMy story
260 _aNew Delhi:
_bSterling publishers,
_c1988
300 _a219 p.
650 _aAutobiographies-Women authors
650 _aAutobiographies-Indian poets
942 _cBK
999 _c4250
_d4250